[Event "Guillermo Garcia Memorial op 27th"]
[Site "Santa Clara"]
[Date "2018.05.28"]
[Round "6"]
[White "Lopez Gonzalez, Abel Fabian"]
[Black "Rodriguez Dosina, Adrian"]
[Result "0-1"]
[WhiteElo "2318"]
[BlackElo "2236"]
[PlyCount "112"]
[EventDate "2018.05.22"]
[EventType "swiss"]
[EventRounds "9"]
[EventCountry "CUB"]
[SourceTitle "CBM 184 Extra"]
[Source "ChessBase"]
[SourceDate "2018.06.28"]
[SourceVersion "1"]
[SourceVersionDate "2018.06.28"]
[SourceQuality "1"]

1. b3 Nf6 2. Bb2 g6 3. Bxf6 exf6 4. d4 f5 5. g3 Bg7 6. e3 d6 7. Bg2 Nd7 8. Ne2 Nf6 9. Nd2 c6 10. 0-0 0-0 11. c4 Re8 12. Qc2 Qe7 13. Rac1 h5 14. b4 Bd7 15. Nc3 Rab8 16. b5 c5 17. a4 Be6 18. dxc5 dxc5 19. Nd5 Bxd5 20. cxd5 b6 21. Nc4 Ne4 22. Rfd1 h4 23. d6 Qe6 24. Bxe4 fxe4 25. d7 Red8 26. Rd6 Qf5 27. Rcd1 Rb7 28. R1d5 Qg4 29. Qd1 Qxd1+ 30. Rxd1 Bf8 31. R6d5 f6 32. gxh4 Kf7 33. a5 Ke6 34. axb6 axb6 35. Kf1 Be7 36. Ke2 Rbxd7 37. Rxd7 Rxd7 38. Rxd7 Kxd7 39. Nxb6+ Ke6 40. Nc4 Bd8 41. Kd2 Kd5 42. Kc3 f5 43. b6 Bf6+ 44. Kb3 Kc6 45. Ka4 Bc3 46. Kb3 Be1 47. Ka4 Bxf2 48. Ka5 Bg1 49. Ka6 Bxh2 50. Ka7 Kb5 51. Na3+ Kb4 52. Nc2+ Kb3 53. Ne1 c4 54. Ng2 Bd6 55. b7 c3 56. Nf4 c2 0-1

[Event "Camajuani Guerrilleritos-A"]
[Site "Camajuani"]
[Date "2018.04.18"]
[Round "4"]
[White "Rodriguez Hernandez, Luis Daniel"]
[Black "Rodriguez Dosina, Adrian"]
[Result "1/2-1/2"]
[WhiteElo "2318"]
[BlackElo "2257"]
[PlyCount "191"]
[EventDate "2018.04.16"]
[EventType "tourn"]
[EventRounds "10"]
[EventCountry "CUB"]
[EventCategory "2"]
[SourceTitle "EXT 2021"]
[Source "ChessBase"]
[SourceDate "2020.10.23"]
[SourceVersion "1"]
[SourceVersionDate "2020.10.23"]
[SourceQuality "1"]

1. e4 c5 2. Nf3 a6 3. Nc3 e6 4. d4 cxd4 5. Nxd4 Qc7 6. Bd3 Nf6 7. 0-0 Nc6 8. Nxc6 bxc6 9. Qe2 d6 10. f4 Nd7 11. Be3 Be7 12. f5 Ne5 13. Qh5 Bf6 14. fxe6 Bxe6 15. h3 Qe7 16. Rac1 0-0 17. b3 Rfe8 18. Ne2 g6 19. Qh6 Bg7 20. Qf4 c5 21. Ng3 Bd7 22. Qg5 a5 23. Qxe7 Rxe7 24. Be2 Bc6 25. Rcd1 Re6 26. Bf4 h5 27. Bf3 a4 28. Rd2 axb3 29. axb3 Ra2 30. Ne2 Kf8 31. Nc3 Nxf3+ 32. Rxf3 Ra1+ 33. Kh2 Bd4 34. Ne2 Be5 35. Bxe5 Rxe5 36. Rxd6 Bxe4 37. Re3 Re8 38. Rd2 Bf5 39. Rxe8+ Kxe8 40. Ng3 Be6 41. Ne4 Ra5 42. Kg3 Ke7 43. Kf4 c4 44. bxc4 Bxc4 45. h4 Rf5+ 46. Kg3 Bd5 47. Nc3 Bc6 48. Ne2 Rc5 49. Nd4 Bd5 50. Kf4 Kf6 51. g3 Rc3 52. Rd3 Rc8 53. Re3 Ra8 54. Re5 Rd8 55. c3 Bg2 56. Re2 Bb7 57. Rb2 Bh1 58. Rb1 Ba8 59. Re1 Rc8 60. Re3 Rc5 61. Re8 Bb7 62. Rb8 Bg2 63. Rb2 Bh3 64. Rb6+ Kg7 65. Rc6 Rd5 66. Rc7 Bg2 67. Ne6+ Kg8 68. Rc8+ Kh7 69. Ng5+ Kg7 70. Rc7 Rf5+ 71. Ke3 Kf8 72. c4 Ke8 73. Kd4 Bh1 74. Ra7 Bg2 75. Ra2 Bc6 76. Ra6 Bg2 77. Ra2 Bc6 78. Ra6 Bh1 79. Ra1 Bb7 80. Rb1 Bc6 81. Re1+ Kd7 82. Re3 Kd6 83. Ra3 Rf1 84. c5+ Kc7 85. Re3 Kd7 86. Ra3 Ke7 87. Re3+ Kd8 88. Rd3 Rf5 89. Re3 Kd7 90. Kc4 Rf1 91. Ra3 Kc7 92. Re3 Kd8 93. Rd3+ Kc8 94. Re3 Kd7 95. Rd3+ Kc7 96. Re3 1/2-1/2

[Event "Camajuani Guerrilleritos-A"]
[Site "Camajuani"]
[Date "2018.04.16"]
[Round "1"]
[White "Rodriguez Dosina, Adrian"]
[Black "Elias Reyes, Jorge Roberto"]
[Result "0-1"]
[WhiteElo "2257"]
[BlackElo "2322"]
[PlyCount "120"]
[EventDate "2018.04.16"]
[EventType "tourn"]
[EventRounds "10"]
[EventCountry "CUB"]
[EventCategory "2"]
[SourceTitle "EXT 2021"]
[Source "ChessBase"]
[SourceDate "2020.10.23"]
[SourceVersion "1"]
[SourceVersionDate "2020.10.23"]
[SourceQuality "1"]

1. c4 e5 2. Nc3 Nc6 3. Nf3 g6 4. d3 Bg7 5. e3 f5 6. Be2 Nf6 7. 0-0 0-0 8. Rb1 Qe7 9. Nd5 Nxd5 10. cxd5 Nd8 11. Bd2 c6 12. Qb3 Nf7 13. Rbc1 c5 14. d6 Qxd6 15. d4 exd4 16. exd4 Qb6 17. Bc4 Qxb3 18. Bxb3 d6 19. dxc5 d5 20. Bxd5 Rd8 21. Bb3 Bxb2 22. Rce1 Kf8 23. Bb4 a5 24. Re2 Bf6 25. Ba3 Kg7 26. Bb2 Bd7 27. Bxf6+ Kxf6 28. Bxf7 Bb5 29. Re6+ Kxf7 30. Ng5+ Kg8 31. Rfe1 Re8 32. f4 Rxe6 33. Nxe6 Re8 34. Rb1 Bc6 35. Nd4 Be4 36. Rc1 Bd5 37. c6 bxc6 38. Nxc6 Re2 39. Kf1 Re4 40. g3 a4 41. a3 Re3 42. Nb4 Be4 43. Rc8+ Kg7 44. Nc2 Rb3 45. Rc7+ Kf6 46. Ke2 h5 47. Kd2 h4 48. Rc3 h3 49. Nd4 Rb1 50. Rc1 Rb2+ 51. Nc2 g5 52. fxg5+ Kxg5 53. Kc3 Ra2 54. Ne3 Rxa3+ 55. Kd2 Ra2+ 56. Kc3 Rxh2 57. Kd4 Rd2+ 58. Ke5 h2 59. Rc8 h1Q 60. Rg8+ Kh6 0-1

[Event "Sancti Spiritus Concepcion Memorial"]
[Site "Sancti Spiritus"]
[Date "2018.01.19"]
[Round "7"]
[White "Campos Jimenez, Augusto Cesar"]
[Black "Rodriguez Dosina, Adrian"]
[Result "1/2-1/2"]
[WhiteElo "2296"]
[BlackElo "2229"]
[PlyCount "53"]
[EventDate "2018.01.16"]
[EventType "tourn"]
[EventRounds "10"]
[EventCountry "CUB"]
[EventCategory "1"]
[SourceTitle "CBM 182 Extra"]
[Source "ChessBase"]
[SourceDate "2018.02.23"]
[SourceVersion "1"]
[SourceVersionDate "2018.02.23"]
[SourceQuality "1"]

1. d4 e6 2. Nf3 d5 3. g3 f5 4. Bg2 Nf6 5. 0-0 Bd6 6. c4 c6 7. b3 Qe7 8. a4 a5 9. Ba3 Bxa3 10. Nxa3 0-0 11. Nc2 b6 12. Nce1 Nbd7 13. Nd3 Bb7 14. e3 Rac8 15. Nfe5 Nxe5 16. Nxe5 Rfd8 17. Rc1 c5 18. cxd5 Bxd5 19. Bxd5 Nxd5 20. Rc4 Nb4 21. Qc1 Rd5 22. Qa1 Rcd8 23. Rxb4 axb4 24. Nc6 Qd7 25. Nxd8 Qxd8 26. dxc5 bxc5 27. a5 1/2-1/2

[Event "Sancti Spiritus Concepcion Memorial"]
[Site "Sancti Spiritus"]
[Date "2018.01.17"]
[Round "3"]
[White "Perez Leiva, Jerzy Jesus"]
[Black "Rodriguez Dosina, Adrian"]
[Result "1/2-1/2"]
[WhiteElo "2255"]
[BlackElo "2229"]
[PlyCount "104"]
[EventDate "2018.01.16"]
[EventType "tourn"]
[EventRounds "10"]
[EventCountry "CUB"]
[EventCategory "1"]
[SourceTitle "CBM 182 Extra"]
[Source "ChessBase"]
[SourceDate "2018.02.23"]
[SourceVersion "1"]
[SourceVersionDate "2018.02.23"]
[SourceQuality "1"]

1. e4 c5 2. Nf3 a6 3. c4 e6 4. Nc3 Qc7 5. d4 cxd4 6. Nxd4 Nf6 7. Bd3 Nc6 8. Nxc6 dxc6 9. 0-0 e5 10. Qc2 Nd7 11. Be3 Bc5 12. Na4 b6 13. Qd2 Bxe3 14. Qxe3 0-0 15. Be2 Bb7 16. Rfd1 Rad8 17. Rd3 c5 18. Nc3 Nf6 19. Nd5 Nxd5 20. cxd5 Qd6 21. Rc1 Kh8 22. Qg5 f6 23. Qh4 Bc8 24. b4 Bd7 25. bxc5 bxc5 26. Rdc3 Rc8 27. h3 f5 28. Bd3 g6 29. Qh6 Bb5 30. Bb1 fxe4 31. Bxe4 c4 32. a4 Bxa4 33. Rxc4 Bd7 34. h4 Qf6 35. f3 Qf4 36. Qxf4 exf4 37. Rxc8 Rxc8 38. Re1 a5 39. d6 Rd8 40. Bc2 Bc6 41. Ra1 a4 42. Bxa4 Ra8 43. Rc1 Bxa4 44. Ra1 Ra7 45. d7 Rxd7 46. Rxa4 Rf7 47. h5 Kg7 48. hxg6 hxg6 49. Kh2 Kh6 50. Kh3 Kh5 51. Ra5+ g5 52. g3 fxg3 1/2-1/2

[Event "Guillermo Garcia Memorial op 26th"]
[Site "Santa Clara"]
[Date "2017.05.17"]
[Round "2"]
[White "Rodriguez Dosina, Adrian"]
[Black "Hernandez Gonzalez, William"]
[Result "0-1"]
[WhiteElo "2207"]
[BlackElo "2397"]
[PlyCount "78"]
[EventDate "2017.05.16"]
[EventType "swiss"]
[EventRounds "9"]
[EventCountry "CUB"]
[SourceTitle "CBM 178 Extra"]
[Source "ChessBase"]
[SourceDate "2017.06.22"]
[SourceVersion "1"]
[SourceVersionDate "2017.06.22"]
[SourceQuality "1"]

1. c4 c5 2. Nf3 Nf6 3. Nc3 d5 4. cxd5 Nxd5 5. e3 Nc6 6. a3 g6 7. Qc2 Bg7 8. Be2 0-0 9. 0-0 e5 10. Rb1 Nxc3 11. dxc3 e4 12. Nd2 f5 13. b4 Qe7 14. bxc5 Qxc5 15. c4 Qe7 16. c5 Rd8 17. Bb2 Ne5 18. Bd4 Be6 19. Qc3 Bd5 20. Rfd1 Rac8 21. Nc4 Bxc4 22. Bxc4+ Kh8 23. Bb5 g5 24. Qc2 h5 25. Bxe5 Bxe5 26. Rxd8+ Rxd8 27. Bf1 Rc8 28. Rb5 a6 29. Rb1 Rxc5 30. Rxb7 Bxh2+ 31. Kh1 Rxc2 32. Rxe7 Rxf2 33. Bc4 Bd6 34. Rd7 Bg3 35. Kg1 Rc2 36. Bxa6 Rc1+ 37. Bf1 f4 38. exf4 e3 39. Re7 gxf4 0-1

[Event "Capablanca Memorial op 51st"]
[Site "Varadero"]
[Date "2016.06.09"]
[Round "1"]
[White "Rodriguez Dosina, Adrian"]
[Black "Fernandez Rivero, Karla July"]
[Result "1-0"]
[WhiteElo "2226"]
[BlackElo "2010"]
[PlyCount "116"]
[EventDate "2016.06.09"]
[EventType "swiss"]
[EventRounds "10"]
[EventCountry "CUB"]
[SourceTitle "EXT 2017"]
[Source "ChessBase"]
[SourceDate "2016.10.25"]
[SourceVersion "1"]
[SourceVersionDate "2016.10.25"]
[SourceQuality "1"]

1. c4 c5 2. b3 Nc6 3. Bb2 e5 4. Nc3 g6 5. g3 Bg7 6. Bg2 Nge7 7. e3 0-0 8. Nge2 d6 9. 0-0 Bg4 10. a3 Rb8 11. d3 Qd7 12. Re1 Bh3 13. Bh1 Nf5 14. Qd2 h5 15. Ne4 Qd8 16. b4 b6 17. b5 Na5 18. Rab1 Nh6 19. f4 Qe7 20. Ng5 Bc8 21. Nc3 Bb7 22. Nd5 Bxd5 23. Bxd5 Nf5 24. Nf3 Rfe8 25. Be4 Nh6 26. h3 Qd7 27. Qg2 Re7 28. fxe5 dxe5 29. Kh2 Nb7 30. Rf1 Nd6 31. Bc6 Qc7 32. Bd5 Nhf5 33. Qf2 e4 34. Ng5 Bxb2 35. Rxb2 h4 36. Qf4 hxg3+ 37. Kg2 Nxc4 38. dxc4 Qxf4 39. Rxf4 Nxe3+ 40. Kxg3 Nxd5 41. cxd5 f5 42. Rf1 Rd8 43. Rd1 Rd6 44. Kf4 Kg7 45. Rg2 Kf6 46. h4 Red7 47. Rgd2 Rd8 48. a4 Rh8 49. Kg3 Rhd8 50. Ne6 R8d7 51. Kf2 Ke5 52. Ke3 Rh7 53. Rh1 Rhd7 54. Nf4 Rh7 55. Rg2 Rh6 56. Rg5 c4 57. h5 gxh5 58. Rhxh5 c3 1-0